Guess the Kpop Song by the Iconic Engish line - Statistics

General Stats
  • This quiz has been taken 86 times
  • The average score is 7 of 11
Answer Stats
Question Answer % Correct
"Hey boy, I'ma get ya. I'ma get you real good and i bet ya" Strategy
92%
"All the girls are girling, girling" CRAZY
80%
"Remember me ? Sting like a bee" Batter Up
77%
"So you can love me, hate me. You will never be never be never be me" Rebel Heart
76%
"_____, she took me to the sky" Oh My God
75%
"I bring money to the table, not your dinner" Typa Girl
73%
"My mom told me every day to always be careful with guys." Playing With Fire
68%
"Gave up my youth for my future" Social Path
65%
"Quick shower, won't take too long. I'll be done, just sing this song" Wrap Me In Plastic
54%
"I don't give a fuck about love cause we are [group name], huh" Girlfriend
49%
"Take it, don't break it / I wanna see you taste it" ASAP
11%
No matching quizzes found
Score Distribution
Percent of People with Each Score
Percentile by Number Answered
Your Score History
You have not taken this quiz